Kassa orvosi története
Elmentve itt :
| Szerző: | |
|---|---|
| Dokumentumtípus: | Könyv |
| Megjelent: |
"Wiko" kő- és könyvnyomda
Kassa
1944
|
| Kulcsszavak: | Orvostudomány története, Kassa |
| Online Access: | http://misc.bibl.u-szeged.hu/46125 |
| LEADER | 00545nam a2200157 i 4500 | ||
|---|---|---|---|
| 001 | misc46125 | ||
| 005 | 20200117091702.0 | ||
| 008 | 200117s1944 hu o 0|| hun d | ||
| 040 | |a SZTE Miscellanea Repozitórium |b hun | ||
| 041 | |a hun | ||
| 100 | 1 | |a Molnár Béla | |
| 245 | 1 | 0 | |a Kassa orvosi története |h [elektronikus dokumentum] / |c Molnár Béla |
| 260 | |a "Wiko" kő- és könyvnyomda |b Kassa |c 1944 | ||
| 300 | |a 398 p. |c 23 cm | ||
| 695 | |a Orvostudomány története, Kassa | ||
| 856 | 4 | 0 | |u http://misc.bibl.u-szeged.hu/46125/1/xb_101162.pdf |z Dokumentum-elérés |